000 01526cam a22002895a 4500
001 E136166
008 070116s2006 xxk f 000 0 eng d
020 _a9781904388630
035 _a(Sirsi) u136166
041 0 _aeng
050 0 4 _a333.33 $2 18
100 1 _aLegrand, Christopher
245 0 0 _aChanging the homebuying process
_bhome information packs and home condition reports
_ba CPD study pack
250 _a3rd ed.
260 _aReading
_bCollege of Estate Management
_c2006
350 _a37
490 0 _aCollege of Estate Management CPD Study Pack
520 _aThe Housing Act 2004 became law on the 18 November 2004. It introduces the most significant changes in the home buying process in the UK since the Law Property Act 1925. This study paper deals mainly with the Home Condition Report which forms part of the planned Home Information Pack. The paper deals with all the standards required to be a Home Inspector, requirements for electronic reporting and inspection standards as well as the introduction of Energy Certificates and the planned programme for the introduction of Home Condition Reports. [CEM].
520 _aNo audio material accompanies this item.
520 _aSupersedes 2005 edition (ISBN 1904388388).
650 2 4 _aHOME INFORMATION PACKS
650 2 4 _aHOUSING ACT 2004 PART V
651 4 _aEngland and Wales
_y1543-
690 _aPROPERTY-RESIDENTIAL PROPERTY-ACQUISITION AND DISPOSAL OF RESIDENTIAL PROPERTY
710 2 _aCollege of Estate Management
_9400
942 _n0
999 _c106335
_d106335